História da educação (Registo nº 198955)
[ vista simples ]
| 000 -Etiqueta do registo | |
|---|---|
| Valores | 00808nam 22002173 4500 |
| 100 ## - Dados gerais de processamento | |
| Dados gerais | 20251111d u||y0pory50 ba |
| 101 ## - Língua de publicação | |
| Língua | Português |
| 200 ## - Titulo e menção de responsabilidade | |
| Título próprio | História da educação |
| Primeira menção de responsabilidade | Roger Gal |
| Outras menções de responsabilidade | prefácio de Rogério Fernandes ; notas finais de Rogério Rodrigues ; tradução de António Campos ; revisão de Manuel R. Ribeiro |
| 210 ## - Publicação | |
| Local de publicação | Lisboa |
| Nome do editor | Editorial Vega |
| Data de publicação | 1979 |
| 215 ## - Descrição física | |
| Paginação / Volumes | 162, [6] p. |
| Outras indicações físicas | Brochado |
| Dimensões | 21 cm |
| 225 ## - Colecção | |
| Título próprio da colecção | Vega Universidade |
| Indicação de volume | 8 |
| 606 ## - Nome comum usado como assunto | |
| ID Autoridade | 5170 |
| Palavra de ordem | Ciências Sociais Educação |
| 675 ## - CDU | |
| Notação | 37(091)/GAL/HIS |
| Edição | PT |
| Língua | por |
| 700 ## - Autor principal (pessoa individual) | |
| ID Autoridade | 14864 |
| Apelido | Gal |
| Nome | Roger |
| 702 ## - Autor secundário (pessoa individual) | |
| ID Autoridade | 6417 |
| Apelido | Fernandes |
| Nome | Rogério (prefaciador) |
| 702 ## - Autor secundário (pessoa individual) | |
| ID Autoridade | 13481 |
| Apelido | Rodrigues |
| Nome | Rogério (posfácio) |
| 801 ## - Fonte de origem | |
| País | PT |
| Agência | BMMN |
| Regras de catalogação | RPC |
| 830 ## - Notas gerais do catalogador | |
| Criado por | Carlos Pinto| Ana |
| Data de criação | 11-11-2025 |
| Indexado por | Carlos Pinto |Ana |
| 990 ## - Elementos KOHA | |
| Tipo de documento | Livro |
| Situação do levantamento | Biblioteca de origem | Código de barras | Cota | Permissão de empréstimo | Tipo de documento | Forma de aquisição |
|---|---|---|---|---|---|---|
| Escola Secundária de Montemor-o-Novo | 27599 | 37(091)/GAL/HIS | Livro | Compra | ||
| Biblioteca Municipal de Montemor-o-Novo | 28431 | 37 GAL|DEP | Livro | Compra |